000 00433nam a2200169Ia 4500
003 GCL
008 140319s9999 xx 000 0 eng d
040 _aGCL /
_cGCL
082 0 4 _a759
_bE M
100 1 _aEDITIONS ATLAS
245 1 0 _aMONET AU JEU DE PAUME /
_cEDITIONS ATLAS
260 _a[S.N] :
_bEDITIONS DU REGARD ،
_c1983
300 _a76 P
490 _aLES PASSERARTS DE L'ART
_v0
650 0 4 _aPAINTING
942 _2ddc
_cBK
999 _c21986
_d21986